000 nam a22 7a 4500
999 _c7503
_d7503
008 170916b xxu||||| |||| 00| 0 eng d
100 _94030
_aMoore
245 _aScary Ghost Stories
260 _aNew Delhi